Alle Pokemon mit "Z" - Statistiken

Allgemein
  • Dieses Quiz wurde 460 mal gespielt
    296 seit der letzten Aktualisierung
  • Das Durchschnittsergebnis liegt bei 15 aus 26
Antwortstatistiken
Hint Antwort % Korrekt
Kanto (2) 145 Zapdos
84%
Kalos (1) 718 Zygarde
82%
Kanto (2) 041 Zubat
81%
Galar (4) 889 Zamazenta
68%
Einall (10) 604 Zapplarang
65%
Galar (4) 888 Zacian
64%
Einall (10) 602 Zapplardin
62%
Hoenn (4) 302 Zobiris
61%
Einall (10) 603 Zapplalek
60%
Sinnoh (3) 402 Zirpeise
59%
Sinnoh (3) 477 Zwirrfinst
59%
Hoenn (4) 356 Zwirrklop
58%
Hoenn (4) 355 Zwirrlicht
58%
Hoenn (4) 263 Zigzachs
56%
Sinnoh (3) 401 Zirpurze
56%
Einall (10) 571 Zoroark
55%
Einall (10) 570 Zorua
55%
Einall (10) 523 Zebritz
54%
Galar (4) 893 Zarude
52%
Einall (10) 502 Zwottronin
50%
Alola (1) 807 Zeraora
48%
Einall (10) 579 Zytomega
48%
Einall (10) 644 Zekrom
47%
Galar (4) 832 Zwollock
39%
Einall (10) 559 Zurrokex
37%
Paldea (1) 924 Zwieps
32%
Keine übereinstimmenden Quizze gefunden
Verteilung der Resultate
Anzahl Personen mit jedem Resultat
Perzentil nach korrekt beantworteten Fragen
Ihre Resultats-Entwicklung
Sie haben dieses Quiz seit der letzten Aktualisierung nicht gespielt